[Event "Washington Chess Congress"]
[Site "Washington D.C."]
[Date "2015.10.11"]
[Round "7.18"]
[White "De Fotis, Gary"]
[Black "Balkhamishvili, Tamar"]
[Result "1/2-1/2"]
[WhiteElo "1998"]
[BlackElo "2065"]
[PlyCount "67"]
[EventDate "2015.10.??"]
[EventType "swiss"]
[EventRounds "9"]
[EventCountry "USA"]

1. d4 f5 2. g3 Nf6 3. Bg2 g6 4. c4 Bg7 5. Nc3 O-O 6. Nh3 d6 7. d5 c6 8. O-O e5
9. dxe6 Bxe6 10. Qb3 Qb6 11. Ng5 Qxb3 12. axb3 Bc8 13. Rd1 Rd8 14. Bf4 Ne8 15.
c5 Bf6 16. cxd6 h6 17. Nf3 g5 18. Be5 Bxe5 19. Nxe5 Rxd6 20. Rxd6 Nxd6 21. Rd1
Nf7 22. Nxf7 Kxf7 23. Rd8 Nd7 24. e4 Nf8 25. b4 Ke7 26. Rd2 a6 27. Bh3 fxe4 28.
Bxc8 Rxc8 29. Nxe4 Rd8 30. Rxd8 Kxd8 31. Nd6 Kc7 32. Nf7 Kb6 33. Nxh6 Kb5 34.
Nf7 1/2-1/2

[Event "Washington Chess Congress"]
[Site "Washington D.C."]
[Date "2015.10.11"]
[Round "7.19"]
[White "Mays, Shelly"]
[Black "Prieto, Alberto"]
[Result "1-0"]
[WhiteElo "2033"]
[BlackElo "2010"]
[PlyCount "68"]
[EventDate "2015.10.??"]
[EventType "swiss"]
[EventRounds "9"]
[EventCountry "USA"]

1. d4 d5 2. Nf3 Nf6 3. e3 Bg4 4. c4 dxc4 5. Bxc4 e6 6. Qb3 Bxf3 7. gxf3 Nc6 8.
Qxb7 Na5 9. Bb5+ Nd7 10. Bxd7+ Kxd7 11. Qa6 Qb8 12. Nc3 Bb4 13. Bd2 Qb6 14. Qd3
Qc6 15. d5 exd5 16. Nxd5 Bxd2+ 17. Qxd2 Nc4 18. Nb6+ Ke6 19. Nxc4 Qxc4 20. Rc1
Qxa2 21. Rc6+ Ke7 22. Rxc7+ Kf8 23. O-O h5 24. Qd7 Rh6 25. Rc8+ Rxc8 26. Qxc8+
Ke7 27. Rc1 Rg6+ 28. Kh1 Re6 29. Qc5+ Kf6 30. f4 g6 31. Qd4+ Kf5 32. Rc5+ Kg4
33. Qd1+ Kh4 34. Qg1 Qd5+ 1-0

[Event "Washington Chess Congress"]
[Site "Washington D.C."]
[Date "2015.10.11"]
[Round "7.20"]
[White "Dommalapati, Aasa"]
[Black "Collier, Philip"]
[Result "1-0"]
[WhiteElo "1646"]
[BlackElo "1837"]
[PlyCount "77"]
[EventDate "2015.10.??"]
[EventType "swiss"]
[EventRounds "9"]
[EventCountry "USA"]

1. e4 c5 2. Nf3 d6 3. g3 Nc6 4. Bg2 g6 5. d3 Bg7 6. O-O e6 7. c3 Qb6 8. Nbd2
Nge7 9. Nc4 Qc7 10. Bf4 e5 11. Bd2 O-O 12. Ne3 Rb8 13. Nd5 Nxd5 14. exd5 Ne7
15. c4 b5 16. Bc3 Bg4 17. h3 Bxf3 18. Qxf3 Nf5 19. g4 Nh4 20. Qg3 Qe7 21. Rfe1
Bh6 22. f4 b4 23. Bd2 Qd8 24. Be3 Bg7 25. Rab1 Rb6 26. Bh1 exf4 27. Bxf4 g5 28.
Be3 Be5 29. Qf2 f5 30. Bxc5 fxg4 31. Bxb6 axb6 32. Qe2 gxh3 33. Be4 Bd4+ 34.
Kh1 Rf2 35. Qh5 Qf6 36. Qe8+ Kg7 37. Qd7+ Kg8 38. Bxh7+ Kh8 39. Re8+ 1-0

[Event "Washington Chess Congress"]
[Site "Washington D.C."]
[Date "2015.10.11"]
[Round "7.21"]
[White "Hung, Daniel"]
[Black "Strenzwilk, Denis"]
[Result "1-0"]
[WhiteElo "1538"]
[BlackElo "1852"]
[PlyCount "77"]
[EventDate "2015.10.??"]
[EventType "swiss"]
[EventRounds "9"]
[EventCountry "USA"]

1. e4 d5 2. exd5 Nf6 3. Bb5+ Bd7 4. Bc4 Bg4 5. f3 Bf5 6. Nc3 Nbd7 7. g4 Nb6 8.
Bb3 Bc8 9. d3 Nfxd5 10. Nge2 e6 11. Nxd5 exd5 12. Be3 Be7 13. Qd2 O-O 14. O-O-O
c5 15. Kb1 Bd7 16. h4 Bc6 17. Rh3 a5 18. c3 Nd7 19. h5 b5 20. g5 Ne5 21. f4
Nxd3 22. Qxd3 c4 23. Qd4 cxb3 24. h6 bxa2+ 25. Ka1 f6 26. hxg7 Rf7 27. g6 Rxg7
28. Rxh7 Rxh7 29. gxh7+ Kh8 30. Rg1 Qd7 31. Qd3 Qh3 32. Nd4 Bd7 33. Nxb5 Bxb5
34. Qxd5 Bc4 35. Qxa8+ Kxh7 36. Rh1 Qxh1+ 37. Qxh1+ Kg7 38. Qe4 Bf7 39. Qxe7
1-0

[Event "Washington Chess Congress"]
[Site "Washington D.C."]
[Date "2015.10.11"]
[Round "8.2"]
[White "Checa, Nicolas D"]
[Black "Mulyar, Michael"]
[Result "1/2-1/2"]
[WhiteElo "2437"]
[BlackElo "2400"]
[PlyCount "84"]
[EventDate "2015.10.??"]
[EventType "swiss"]
[EventRounds "9"]
[EventCountry "USA"]

1. d4 d5 2. c4 c6 3. Nf3 Nf6 4. e3 e6 5. Nbd2 b6 6. Bd3 Bb7 7. b3 Be7 8. O-O
O-O 9. Qe2 c5 10. dxc5 Bxc5 11. Bb2 dxc4 12. Nxc4 Nbd7 13. Rad1 Qe7 14. e4 Rfd8
15. e5 Nd5 16. Qe4 Nf8 17. Qg4 Nb4 18. Bb1 Rxd1 19. Rxd1 Rd8 20. Rd2 Bxf3 21.
Qxf3 b5 22. Qd1 Rxd2 23. Nxd2 Qd7 24. Qe2 Bd4 25. Ba3 Nc6 26. Nf3 b4 27. Bc1
Bxe5 28. Nxe5 Nxe5 29. Qd2 Qc7 30. Bb2 a5 31. a3 bxa3 32. Bxa3 Nfg6 33. h3 h6
34. Bb2 f5 35. b4 axb4 36. Qxb4 Kh7 37. Qc3 Qxc3 38. Bxc3 Kg8 39. g4 fxg4 40.
hxg4 Kf7 41. Bxg6+ Nxg6 42. Kg2 Nf4+ 1/2-1/2

[Event "Washington Chess Congress"]
[Site "Washington D.C."]
[Date "2015.10.11"]
[Round "8.3"]
[White "Erenburg, Sergey"]
[Black "Zierk, Steven"]
[Result "0-1"]
[WhiteElo "2588"]
[BlackElo "2588"]
[PlyCount "149"]
[EventDate "2015.10.??"]
[EventType "swiss"]
[EventRounds "9"]
[EventCountry "USA"]

1. e4 c6 2. d4 d5 3. Nc3 dxe4 4. Nxe4 Bf5 5. Ng3 Bg6 6. Nf3 Nd7 7. h4 h6 8. h5
Bh7 9. Bd3 Bxd3 10. Qxd3 e6 11. Bd2 Ngf6 12. O-O-O Be7 13. Kb1 Qc7 14. Qe2 c5
15. Rhe1 O-O 16. Ne5 cxd4 17. Ng6 Rfe8 18. Nxe7+ Rxe7 19. Bb4 Ree8 20. Rxd4
Rac8 21. Red1 Qc6 22. Rd6 Qc4 23. Bc3 Qxe2 24. Nxe2 Rc7 25. Nf4 Rec8 26. f3 Kf8
27. R1d2 Ke8 28. g4 Nb6 29. R6d3 Rc4 30. Bd4 Nbd7 31. Ng2 a6 32. b3 R4c6 33.
Ne3 Nc5 34. Bxf6 gxf6 35. Rd4 b5 36. c4 b4 37. Rf4 Ke7 38. Re2 Kf8 39. Rxf6 Kg7
40. g5 hxg5 41. Ng4 Nd7 42. h6+ Kf8 43. f4 Rc5 44. fxg5 Rxg5 45. Rf4 e5 46. Nf6
Rg1+ 47. Kc2 exf4 48. Nxd7+ Kg8 49. Nf6+ Kh8 50. Re7 Rg2+ 51. Kd3 Rd8+ 52. Nd5
f5 53. Rf7 Rxa2 54. Kd4 Rh2 55. Rxf5 Rxh6 56. Kc5 a5 57. Rxf4 Rh3 58. Kb5 Rxb3
59. Kxa5 Rb1 60. Kb5 b3 61. Rf2 Ra8 62. Kb4 Rb8+ 63. Kc5 Ra1 64. Rb2 Ra2 65.
Rb1 b2 66. Nb6 Ra6 67. Rxb2 Rb7 68. Kc6 Rf7 69. c5 Ra5 70. Nd5 Rg7 71. Kb6 Rga7
72. Nb4 Rxc5 73. Kxc5 Kg7 74. Kd6 Ra1 75. Nd5 {With seconds left on both
players clock (with 10 second delay) white lost on time a few moves later} 0-1

[Event "Washington Chess Congress"]
[Site "Washington D.C."]
[Date "2015.10.11"]
[Round "8.4"]
[White "Jacobson, Brandon"]
[Black "Yudasin, Leonid"]
[Result "0-1"]
[WhiteElo "2119"]
[BlackElo "2515"]
[PlyCount "52"]
[EventDate "2015.10.??"]
[EventType "swiss"]
[EventRounds "9"]
[EventCountry "USA"]

1. d4 Nf6 2. c4 e6 3. Nf3 b6 4. g3 Ba6 5. b3 d5 6. cxd5 exd5 7. Bg2 Bd6 8. O-O
O-O 9. Bb2 Nbd7 10. Nc3 Re8 11. Re1 Bb7 12. Qc2 a6 13. e3 Ne4 14. Nxe4 dxe4 15.
Nd2 Nf6 16. Red1 Bd5 17. Nc4 Qd7 18. Nxd6 Qxd6 19. Rac1 c6 20. Bf1 b5 21. Qc5
Qd7 22. Rd2 h5 23. h4 g5 24. hxg5 Nh7 25. Bg2 Nxg5 26. Ba3 Re6 0-1

[Event "Washington Chess Congress"]
[Site "Washington D.C."]
[Date "2015.10.11"]
[Round "8.6"]
[White "Yu, Jennifer"]
[Black "Brodsky, David"]
[Result "1-0"]
[WhiteElo "2220"]
[BlackElo "2251"]
[PlyCount "73"]
[EventDate "2015.10.??"]
[EventType "swiss"]
[EventRounds "9"]
[EventCountry "USA"]

1. c4 e5 2. Nc3 Nf6 3. Nf3 Nc6 4. g3 d5 5. cxd5 Nxd5 6. Bg2 Nb6 7. O-O Be7 8.
d3 Be6 9. a3 O-O 10. b4 a5 11. b5 Nd4 12. Nd2 Qc8 13. e3 Nf5 14. Qe2 Nd6 15. a4
Bh3 16. Ba3 Bxg2 17. Kxg2 Qe6 18. Rfc1 Rfc8 19. Nde4 Nxe4 20. Nxe4 Bxa3 21.
Rxa3 c6 22. bxc6 Rxc6 23. Rxc6 Qxc6 24. Rc3 Qe8 25. Rc7 Nd5 26. Rxb7 Qc6 27.
Rb5 Nb4 28. Qf3 Rd8 29. Nc5 f6 30. Qxc6 Nxc6 31. Rb7 Rd5 32. Ne6 Rd6 33. Nxg7
Nd8 34. Ra7 Rxd3 35. Ne8 Nf7 36. Nxf6+ Kg7 37. Nxh7 1-0

[Event "Washington Chess Congress"]
[Site "Washington D.C."]
[Date "2015.10.11"]
[Round "8.7"]
[White "Huang, Andy"]
[Black "Kaufman, Larry C"]
[Result "0-1"]
[WhiteElo "1965"]
[BlackElo "2306"]
[PlyCount "48"]
[EventDate "2015.10.??"]
[EventType "swiss"]
[EventRounds "9"]
[EventCountry "USA"]

1. Nf3 d5 2. b3 Bg4 3. Bb2 Nd7 4. d4 e6 5. g3 Ngf6 6. Bg2 Be7 7. O-O O-O 8. c4
c6 9. Nc3 Qa5 10. h3 Bh5 11. Qd2 dxc4 12. bxc4 Qb4 13. g4 Bg6 14. Ne5 Nxe5 15.
dxe5 Rfd8 16. Qc1 Nd7 17. Ne4 Nb6 18. Rb1 Qxc4 19. Qxc4 Nxc4 20. Bc3 b5 21. a4
Rab8 22. Bb4 Bxb4 23. Rxb4 Bxe4 24. Bxe4 c5 0-1

[Event "Washington Chess Congress"]
[Site "Washington D.C."]
[Date "2015.10.11"]
[Round "8.9"]
[White "Samuelson, Andrew"]
[Black "Currie, James"]
[Result "1-0"]
[WhiteElo "2185"]
[BlackElo "2043"]
[PlyCount "47"]
[EventDate "2015.10.??"]
[EventType "swiss"]
[EventRounds "9"]
[EventCountry "USA"]

1. e4 d5 2. exd5 Nf6 3. d4 Nxd5 4. c4 Nb4 5. a3 N4a6 6. Nf3 g6 7. Be2 Bg7 8.
O-O O-O 9. Nc3 c6 10. h3 Nc7 11. Be3 Nd7 12. Qb3 e5 13. d5 cxd5 14. cxd5 Ne8
15. Rfd1 h6 16. Nd2 f5 17. f3 Kh7 18. Nc4 b6 19. a4 Bf6 20. a5 Bg5 21. Bf2 Nc5
22. Qb4 Nc7 23. Nxe5 Bf4 24. Qxf4 1-0

[Event "Washington Chess Congress"]
[Site "Washington D.C."]
[Date "2015.10.11"]
[Round "8.10"]
[White "Zlotnikov, Mikhail"]
[Black "Rahman, Agusto"]
[Result "1-0"]
[WhiteElo "2281"]
[BlackElo "2046"]
[PlyCount "81"]
[EventDate "2015.10.??"]
[EventType "swiss"]
[EventRounds "9"]
[EventCountry "USA"]

1. c4 f5 2. Nc3 Nf6 3. g3 g6 4. Bg2 Bg7 5. Nf3 d6 6. d4 O-O 7. O-O c6 8. d5 Qe8
9. Nd4 Bd7 10. Rb1 Na6 11. b4 Nxb4 12. a3 Na6 13. Rxb7 Nc5 14. Rb4 Nce4 15.
Nxe4 Nxe4 16. dxc6 Bxc6 17. Ne6 Nc3 18. Nxg7 Qf7 19. Bxc6 Nxd1 20. Bd5 Nc3 21.
Bxf7+ Kxf7 22. Bb2 Ne4 23. f3 Nc5 24. g4 e5 25. Rd1 Rfd8 26. Rb5 Rab8 27. Bc3
Rxb5 28. cxb5 Nb7 29. Nxf5 gxf5 30. gxf5 Rc8 31. Bb4 Kf6 32. e4 Rd8 33. Rc1 Rd7
34. Rc6 Kf7 35. Kf2 Kg7 36. Ke3 Rf7 37. f4 exf4+ 38. Kxf4 h6 39. a4 Nc5 40.
Bxc5 dxc5 41. Rxc5 1-0

[Event "Washington Chess Congress"]
[Site "Washington D.C."]
[Date "2015.10.11"]
[Round "8.11"]
[White "Gorti, Akshita"]
[Black "Jian, Alex"]
[Result "1/2-1/2"]
[WhiteElo "2211"]
[BlackElo "1907"]
[PlyCount "96"]
[EventDate "2015.10.??"]
[EventType "swiss"]
[EventRounds "9"]
[EventCountry "USA"]

1. d4 Nf6 2. c4 e6 3. Nf3 b6 4. g3 Ba6 5. b3 Bb4+ 6. Bd2 Be7 7. Bg2 d5 8. Bc3
Nbd7 9. Nbd2 O-O 10. Ne5 Bb7 11. O-O c5 12. dxc5 Nxc5 13. e3 Rc8 14. Bd4 Ncd7
15. Rc1 Ba3 16. Rc2 Qc7 17. Qa1 Ne8 18. Ndf3 f6 19. Nxd7 Qxd7 20. Rd2 Nd6 21.
cxd5 Ne4 22. dxe6 Qxe6 23. Rdd1 Ba6 24. Bb2 Bxb2 25. Qxb2 Bxf1 26. Bxf1 Qg4 27.
Kg2 Ng5 28. Be2 Qh3+ 29. Kg1 Nxf3+ 30. Bxf3 Qf5 31. Bd5+ Kh8 32. e4 Qh5 33. Rd2
Rfd8 34. Be6 Qg5 35. Bd5 f5 36. Rc2 fxe4 37. Bxe4 Rxc2 38. Qxc2 Qd2 39. Qxd2
Rxd2 40. a4 g6 41. Kg2 Kg7 42. Kf3 Kf6 43. Ke3 Rb2 44. Bd5 Ke5 45. Bc4 Kd6 46.
h4 Kc5 47. g4 Rb1 48. h5 gxh5 1/2-1/2

[Event "Washington Chess Congress"]
[Site "Washington D.C."]
[Date "2015.10.11"]
[Round "8.13"]
[White "Stancil, Kimani A"]
[Black "Sena, Juan Oscar"]
[Result "0-1"]
[WhiteElo "2042"]
[BlackElo "2101"]
[PlyCount "68"]
[EventDate "2015.10.??"]
[EventType "swiss"]
[EventRounds "9"]
[EventCountry "USA"]

1. e4 e6 2. d4 d5 3. Nc3 Nf6 4. e5 Nfd7 5. f4 c5 6. Nf3 Nc6 7. Be3 Be7 8. Qd2
O-O 9. h4 a6 10. g4 cxd4 11. Nxd4 Nxd4 12. Bxd4 Qc7 13. g5 b5 14. O-O-O b4 15.
Na4 Bb7 16. b3 Bc6 17. Nb2 a5 18. Bd3 a4 19. Qe2 a3 20. Na4 Bxa4 21. bxa4 Bc5
22. Ba1 Nb6 23. Rdf1 Nxa4 24. f5 Nb2 25. f6 Bd4 26. Bxh7+ Kxh7 27. Qh5+ Kg8 28.
g6 fxg6 29. Qxg6 b3 30. axb3 Bxe5 31. Rhg1 Ra7 32. Rg4 Qf7 33. Qh6 Bxf6 34.
Rfg1 Bc3 0-1

[Event "Washington Chess Congress"]
[Site "Washington D.C."]
[Date "2015.10.11"]
[Round "8.14"]
[White "Paul, Justin"]
[Black "Taborsky, Rostislav"]
[Result "0-1"]
[WhiteElo "1926"]
[BlackElo "2220"]
[PlyCount "48"]
[EventDate "2015.10.??"]
[EventType "swiss"]
[EventRounds "9"]
[EventCountry "USA"]

1. Nf3 Nf6 2. g3 c5 3. Bg2 d5 4. O-O g6 5. c4 d4 6. d3 Nc6 7. e4 e5 8. h3 Bg7
9. Nbd2 h6 10. Ne1 g5 11. Nb3 Qe7 12. f4 gxf4 13. gxf4 Be6 14. Nf3 O-O-O 15.
Nxe5 Nxe5 16. fxe5 Nd7 17. Bf4 Bxe5 18. Qd2 Rdg8 19. Kh1 b6 20. Nc1 Qh4 21. Qf2
Qh5 22. Ne2 Bxh3 23. Bxh3 Qxh3+ 24. Qh2 Qxd3 0-1

[Event "Washington Chess Congress"]
[Site "Washington D.C."]
[Date "2015.10.11"]
[Round "8.15"]
[White "Karell, Leif"]
[Black "Mays, Shelly"]
[Result "1-0"]
[WhiteElo "1961"]
[BlackElo "2033"]
[PlyCount "119"]
[EventDate "2015.10.??"]
[EventType "swiss"]
[EventRounds "9"]
[EventCountry "USA"]

1. e4 d6 2. d4 Nf6 3. Nc3 c6 4. Nf3 Bg4 5. Be2 Nbd7 6. Be3 e5 7. Qd2 Be7 8. O-O
O-O 9. h3 Bh5 10. a4 Re8 11. dxe5 dxe5 12. Qd3 Bb4 13. Rfd1 Qc7 14. Nh4 Rad8
15. Bxh5 Nxh5 16. Qc4 Qa5 17. Na2 Bf8 18. Nc3 Nf4 19. g3 Ne6 20. Nf5 Nb6 21.
Bxb6 Qxb6 22. Ne3 Rd4 23. Qa2 Ng5 24. Nf5 Rb4 25. a5 Qc5 26. Rd7 Re6 27. Kg2
Nxe4 28. Nxe4 Rxe4 29. b4 Rxb4 30. Rad1 g6 31. Nd6 Be7 32. c3 Qxc3 33. Nc8 Bf8
34. R1d3 Qb2 35. Qxb2 Rxb2 36. Rf3 f5 37. g4 e4 38. Rf4 Bh6 39. gxf5 gxf5 40.
Rxf5 Bf8 41. Rd8 Rg6+ 42. Kf1 Kg7 43. Rdxf8 e3 44. R5f7+ Kh6 45. Rf6 exf2 46.
Rxg6+ hxg6 47. Rxf2 Rb5 48. Ra2 b6 49. a6 Rf5+ 50. Kg2 Rf7 51. Nxb6 c5 52. Nc4
Rf6 53. Ra5 Rc6 54. Ne5 Re6 55. Nc4 Rc6 56. Kf3 Kg5 57. Ke4 Rf6 58. Kd5 Kh4 59.
Ra3 Rf5+ 60. Kc6 1-0

[Event "Washington Chess Congress"]
[Site "Washington D.C."]
[Date "2015.10.11"]
[Round "8.16"]
[White "De Fotis, Gary"]
[Black "Balck, Eric"]
[Result "0-1"]
[WhiteElo "1998"]
[BlackElo "1974"]
[PlyCount "104"]
[EventDate "2015.10.??"]
[EventType "swiss"]
[EventRounds "9"]
[EventCountry "USA"]

1. d4 Nf6 2. c4 g6 3. g3 Bg7 4. Bg2 d6 5. Nf3 O-O 6. Nc3 c6 7. O-O Nbd7 8. e4
e5 9. h3 Re8 10. Be3 Qc7 11. Qc2 Nf8 12. Rfd1 b5 13. cxb5 cxb5 14. dxe5 dxe5
15. Rac1 a6 16. Nd5 Nxd5 17. exd5 Qxc2 18. Rxc2 Bf5 19. Rc6 Bd7 20. Rc7 e4 21.
Nd4 Be5 22. Rc2 Bd6 23. Nc6 f5 24. Bc5 Bxc5 25. Rxc5 Kf7 26. b3 g5 27. Rd4 Kf6
28. a4 Bxc6 29. dxc6 Ne6 30. Rd6 bxa4 31. bxa4 Rec8 32. Bf1 Ke7 33. Rd7+ Kf6
34. Rc1 h5 35. Rh7 Rc7 36. Rh6+ Ke5 37. Rxh5 Nd4 38. Rh6 Kd5 39. Bc4+ Ke5 40.
Rd1 Rb8 41. Bxa6 Rb2 42. Rc1 e3 43. fxe3 Nf3+ 44. Kf1 Nh2+ 45. Kg1 Ke4 46. Rf6
g4 47. h4 Kf3 48. Rxf5+ Kxg3 49. Bb5 Rg2+ 50. Kh1 Nf3 51. Rxf3+ gxf3 52. Rg1
Rh7 0-1

[Event "Washington Chess Congress"]
[Site "Washington D.C."]
[Date "2015.10.11"]
[Round "8.18"]
[White "Tia Jr, Rudy"]
[Black "Dommalapati, Aasa"]
[Result "1-0"]
[WhiteElo "2146"]
[BlackElo "1646"]
[PlyCount "69"]
[EventDate "2015.10.??"]
[EventType "swiss"]
[EventRounds "9"]
[EventCountry "USA"]

1. b3 d5 2. Bb2 Bf5 3. e3 e6 4. f4 Nf6 5. Nf3 h6 6. Be2 Be7 7. d3 Nbd7 8. Nbd2
c6 9. Ne5 Nxe5 10. fxe5 Nd7 11. O-O O-O 12. Nf3 Qb6 13. Qd2 Bc5 14. d4 Be7 15.
Bd3 Bxd3 16. Qxd3 c5 17. Bc3 Rac8 18. Kh1 Qc7 19. Rf2 cxd4 20. Bxd4 Nc5 21.
Bxc5 Bxc5 22. Re2 Bb4 23. e4 Bc3 24. Rf1 d4 25. g4 f6 26. Rg1 fxe5 27. g5 h5
28. g6 Rf6 29. Rg5 Rcf8 30. Nxe5 Rf1+ 31. Kg2 Qe7 32. Rxh5 Qf6 33. Rh8+ Kxh8
34. Qh3+ Kg8 35. Qh7# 1-0

[Event "Washington Chess Congress"]
[Site "Washington D.C."]
[Date "2015.10.11"]
[Round "8.19"]
[White "Trifale, Sharvil"]
[Black "Hung, Daniel"]
[Result "1/2-1/2"]
[WhiteElo "1901"]
[BlackElo "1538"]
[PlyCount "90"]
[EventDate "2015.10.??"]
[EventType "swiss"]
[EventRounds "9"]
[EventCountry "USA"]

1. c4 e5 2. g3 Nc6 3. Bg2 Bc5 4. Nc3 a6 5. e3 d6 6. Nge2 Ba7 7. d3 Nge7 8. a3
Be6 9. Nd5 O-O 10. O-O Qd7 11. Nec3 Nd8 12. Nxe7+ Qxe7 13. b4 Qd7 14. a4 Bh3
15. Bxh3 Qxh3 16. Qf3 c6 17. b5 f5 18. Qg2 Qh6 19. bxa6 bxa6 20. Bd2 Rc8 21.
Rab1 Rc7 22. Na2 Ne6 23. Kh1 f4 24. exf4 exf4 25. gxf4 Nxf4 26. Bxf4 Rxf4 27.
Nb4 Rcf7 28. Rb2 Bd4 29. Re2 Be5 30. f3 Rh4 31. Qg1 Rf6 32. Nxc6 Bf4 33. Rfe1
Rf8 34. Ne7+ Kh8 35. Nf5 Bxh2 36. Rxh2 Rxh2+ 37. Qxh2 Qf6 38. Nh4 g5 39. Ng2
Qxf3 40. Qxd6 g4 41. Qe5+ Rf6 42. Qh5 Rf8 43. Qe5+ Rf6 44. Qb8+ Rf8 45. Qb2+
Kg8 1/2-1/2

[Event "Washington Chess Congress"]
[Site "Washington D.C."]
[Date "2015.10.11"]
[Round "8.20"]
[White "Prieto, Alberto"]
[Black "Collier, Philip"]
[Result "1-0"]
[WhiteElo "2010"]
[BlackElo "1837"]
[PlyCount "151"]
[EventDate "2015.10.??"]
[EventType "swiss"]
[EventRounds "9"]
[EventCountry "USA"]

1. f4 d6 2. Nf3 g6 3. g3 Bg7 4. Bg2 Nh6 5. d3 O-O 6. O-O e5 7. Nc3 Nc6 8. e4
Bg4 9. Ne2 Qd7 10. c3 Rae8 11. Bd2 f5 12. Qc1 fxe4 13. dxe4 exf4 14. Bxf4 Rxe4
15. Nfd4 Bxe2 16. Nxe2 Rxe2 17. Bxh6 Rxf1+ 18. Bxf1 Re8 19. Bxg7 Kxg7 20. Qd2
Ne5 21. Bg2 c6 22. Rd1 d5 23. Qd4 Qg4 24. Qxg4 Nxg4 25. Bh3 Ne5 26. Kf2 Nc4 27.
b3 Nd6 28. c4 Ne4+ 29. Kg1 Nc3 30. Rd3 d4 31. a3 c5 32. b4 b6 33. Rd2 Re1+ 34.
Bf1 Ra1 35. bxc5 bxc5 36. Rb2 Rxa3 37. g4 Ne4 38. Rb7+ Kh6 39. Re7 Ng5 40. Kg2
d3 41. h4 Nh3 42. Rd7 Nf4+ 43. Kf3 g5 44. Rd6+ Kg7 45. hxg5 Ng6 46. Ke4 Ra1 47.
Bxd3 Re1+ 48. Kd5 Re5+ 49. Kc6 Rxg5 50. Bxg6 hxg6 51. Rd7+ Kh6 52. Rxa7 Re5 53.
Ra5 Re4 54. Rxc5 Rxg4 55. Kb5 Rg1 56. Rd5 Rb1+ 57. Kc6 g5 58. Kd7 g4 59. c5 g3
60. Rd3 Rg1 61. c6 g2 62. c7 Rh1 63. Rg3 g1=Q 64. Rxg1 Rxg1 65. c8=Q Rd1+ 66.
Ke6 Re1+ 67. Kf5 Rf1+ 68. Ke4 Re1+ 69. Kf3 Rf1+ 70. Kg2 Rf6 71. Kg3 Kg5 72.
Qg4+ Kh6 73. Qe4 Kg5 74. Qe5+ Rf5 75. Qg7+ Kh5 76. Qg4+ 1-0

[Event "Washington Chess Congress"]
[Site "Washington D.C."]
[Date "2015.10.12"]
[Round "9.1"]
[White "Checa, Nicolas D"]
[Black "El Debs, Felipe de Cresce"]
[Result "1/2-1/2"]
[WhiteElo "2437"]
[BlackElo "2503"]
[PlyCount "46"]
[EventDate "2015.10.??"]
[EventType "swiss"]
[EventRounds "9"]
[EventCountry "USA"]

1. d4 Nf6 2. c4 e6 3. Nf3 b6 4. g3 Ba6 5. Nbd2 Bb7 6. Bg2 Be7 7. O-O O-O 8. Qc2
d5 9. b3 Na6 10. Bb2 Rc8 11. cxd5 Nxd5 12. Nc4 c5 13. e4 Nf6 14. e5 Nd5 15. Qe2
Rc7 16. dxc5 Nxc5 17. Nd4 a6 18. Rfd1 b5 19. Ne3 Nxe3 20. Qxe3 Qa8 21. Bxb7
Qxb7 22. Rac1 Rfc8 23. Qf3 Qxf3 1/2-1/2

[Event "Washington Chess Congress"]
[Site "Washington D.C."]
[Date "2015.10.12"]
[Round "9.2"]
[White "Erenburg, Sergey"]
[Black "Yudasin, Leonid"]
[Result "1/2-1/2"]
[WhiteElo "2588"]
[BlackElo "2503"]
[PlyCount "33"]
[EventDate "2015.10.??"]
[EventType "swiss"]
[EventRounds "9"]
[EventCountry "USA"]

1. e4 c5 2. Nf3 d6 3. d4 cxd4 4. Nxd4 Nf6 5. Nc3 a6 6. Be3 e5 7. Nf3 Be7 8. Bc4
Qc7 9. Bb3 Be6 10. O-O O-O 11. Nh4 g6 12. Bh6 Re8 13. Qd2 Bxb3 14. axb3 Nxe4
15. Nxe4 Bxh4 16. Qxd6 Qc6 17. Rfe1 1/2-1/2

[Event "Washington Chess Congress"]
[Site "Washington D.C."]
[Date "2015.10.12"]
[Round "9.3"]
[White "Sarkar, Justin"]
[Black "Mulyar, Michael"]
[Result "1-0"]
[WhiteElo "2401"]
[BlackElo "2400"]
[PlyCount "105"]
[EventDate "2015.10.??"]
[EventType "swiss"]
[EventRounds "9"]
[EventCountry "USA"]

1. d4 d5 2. c4 c6 3. Nf3 Nf6 4. Nc3 e6 5. Bg5 dxc4 6. e4 b5 7. e5 h6 8. Bh4 g5
9. Nxg5 hxg5 10. Bxg5 Nbd7 11. g3 Bb7 12. Bg2 Qb6 13. exf6 O-O-O 14. O-O c5 15.
d5 b4 16. Na4 Qb5 17. a3 Nb8 18. axb4 cxb4 19. Qg4 Bxd5 20. Rfc1 Nc6 21. Bxd5
Rxd5 22. Rxc4 Rxg5 23. Qd4 Kb8 24. Rxc6 Rxg3+ 25. fxg3 Qxc6 26. Rd1 Qc7 27. b3
Kc8 28. Qe3 Kb8 29. Qd4 Kc8 30. Qe3 Kb8 31. Qd2 Bc5+ 32. Nxc5 Qxc5+ 33. Qd4 Qc3
34. Qxc3 bxc3 35. Rc1 Rc8 36. Kf2 Rc5 37. Ke3 Kc7 38. Kd4 Kd6 39. Rxc3 Rf5 40.
Ke4 Rxf6 41. Rf3 Rxf3 42. Kxf3 Ke7 43. Kf4 f6 44. h4 Kf7 45. g4 Kg6 46. Ke4 Kh6
47. Ke3 Kg6 48. Kf4 Kh6 49. b4 a6 50. h5 f5 51. gxf5 exf5 52. Kxf5 Kxh5 53. Ke5
1-0

[Event "Washington Chess Congress"]
[Site "Washington D.C."]
[Date "2015.10.12"]
[Round "9.5"]
[White "Kaufman, Larry C"]
[Black "Samuelson, Andrew"]
[Result "1/2-1/2"]
[WhiteElo "2306"]
[BlackElo "2185"]
[PlyCount "232"]
[EventDate "2015.10.??"]
[EventType "swiss"]
[EventRounds "9"]
[EventCountry "USA"]

1. e4 c5 2. Nf3 d6 3. Bb5+ Nd7 4. O-O Ngf6 5. Re1 a6 6. Bd3 e6 7. c3 Be7 8. Bc2
O-O 9. d4 Re8 10. Nbd2 b5 11. e5 dxe5 12. dxe5 Nd5 13. Ne4 Nf8 14. Bg5 Ng6 15.
a4 Rb8 16. axb5 axb5 17. Nd6 Rf8 18. Bxe7 Qxe7 19. Be4 Nc7 20. Ra7 Rb6 21. c4
bxc4 22. Qa1 Qd8 23. Qa5 Nd5 24. Nxc8 Rxb2 25. Qxd8 Rxd8 26. Nd6 c3 27. Nxf7
Rdb8 28. g3 c2 29. N7g5 Nc3 30. Bxc2 Rxc2 31. Nxe6 Kh8 32. Nfg5 Ne2+ 33. Kg2
Nxe5 34. Rxg7 h6 35. Rh7+ Kg8 36. Rg7+ Kh8 37. Rh7+ Kg8 38. Rxh6 Rbb2 39. Ne4
c4 40. Ra1 Ra2 41. Rxa2 Rxa2 42. Rh5 Nd3 43. Nd6 Ne1+ 44. Kh3 Ng1+ 45. Kg4 Ngf3
46. Rc5 Rxf2 47. Rc8+ Kh7 48. Rc7+ Kh6 49. Nf4 Nxh2+ 50. Kf5 Nd3 51. Nf7+ Kg7
52. Ng5+ Kf8 53. Nge6+ Ke8 54. Rxc4 Nxf4 55. gxf4 Ke7 56. Rc7+ Kd6 57. Rc1 Nf3
58. Kf6 Kd5 59. Rd1+ Ke4 60. f5 Nd2 61. Ng5+ Kd3 62. Ke6 Kc2 63. Re1 Nb3 64. f6
Nd4+ 65. Ke7 Nc6+ 66. Kf7 Kd3 67. Kg6 Kd4 68. f7 Ne5+ 69. Kg7 Nxf7 70. Nxf7
Rg2+ 71. Kf6 Rf2+ 72. Ke7 Rf3 73. Rd1+ Rd3 74. Rh1 Re3+ 75. Kd6 Re4 76. Rd1+
Ke3 77. Kd5 Ra4 78. Ne5 Ra5+ 79. Ke6 Ra6+ 80. Kf5 Ra5 81. Rd3+ Ke2 82. Rb3 Kd2
83. Rh3 Ke2 84. Rh2+ Ke3 85. Rh3+ Ke2 86. Rc3 Kd2 87. Rb3 Ke2 88. Rb4 Ke3 89.
Re4+ Kd2 90. Kf4 Ra8 91. Nf3+ Kc3 92. Ke3 Rh8 93. Re7 Kc4 94. Re4+ Kc5 95. Re5+
Kd6 96. Ke4 Rh1 97. Rd5+ Ke7 98. Ra5 Rf1 99. Ra7+ Kd6 100. Ra6+ Ke7 101. Nd4
Re1+ 102. Kd5 Rd1 103. Re6+ Kf7 104. Ra6 Ke7 105. Rb6 Kf7 106. Rb7+ Kf6 107.
Rb6+ Kf7 108. Ra6 Ke7 109. Rh6 Kf7 110. Rh2 Kf6 111. Rf2+ Ke7 112. Ke5 Re1+
113. Ne2 Kd7 114. Kd5 Ke7 115. Nd4 Rd1 116. Re2+ Kf6 1/2-1/2